Miasta i wsie w powiecie gorlickim - Statystyki

Ogólne statystyki
  • Ten quiz został rozwiązany 85 razy
  • Średni wynik to 42 z 82
Statystyki odpowiedzi
Gmina Odpowiedź % Poprawnych
Biecz Biecz
92%
Gorlice(miejska) Gorlice
90%
Sękowa Sękowa
88%
Moszczenica Moszczenica
86%
Ropa Ropa
86%
Uście Gorlickie Uście Gorlickie
84%
Bobowa Bobowa
80%
Lipinki Lipinki
80%
Łużna Łużna
78%
Ropa Klimkówka
69%
Biecz Libusza
69%
Gorlice(wiejska) Zagórzany
69%
Gorlice(wiejska) Dominikowice
63%
Ropa Łosie
63%
Gorlice(wiejska) Ropica Polska
63%
Gorlice(wiejska) Szymbark
63%
Biecz Binarowa
59%
Lipinki Kryg
59%
Gorlice(wiejska) Kobylanka
57%
Uście Gorlickie Kwiatoń
57%
Sękowa Małastów
57%
Gorlice(wiejska) Klęczany
55%
Uście Gorlickie Konieczna
55%
Uście Gorlickie Zdynia
55%
Sękowa Bartne
53%
Gorlice(wiejska) Bielanka
53%
Uście Gorlickie Hańczowa
53%
Uście Gorlickie Wysowa-Zdrój
53%
Lipinki Bednarka
51%
Uście Gorlickie Nowica
51%
Uście Gorlickie Regietów
51%
Sękowa Siary
51%
Sękowa Ropica Górna
49%
Biecz Strzeszyn
49%
Lipinki Wójtowa
49%
Uście Gorlickie Banica
47%
Uście Gorlickie Brunary
47%
Sękowa Czarne
47%
Uście Gorlickie Gładyszów
47%
Biecz Korczyna
47%
Sękowa Męcina Mała
47%
Sękowa Męcina Wielka
47%
Biecz Racławice
47%
Bobowa Siedliska
47%
Biecz Sitnica
47%
Moszczenica Staszkówka
47%
Uście Gorlickie Leszczyny
45%
Łużna Mszanka
45%
Biecz Rożnowice
45%
Uście Gorlickie Smerekowiec
45%
Sękowa Wapienne
45%
Biecz Bugaj
43%
Gorlice(wiejska) Bystra
43%
Uście Gorlickie Czarna
43%
Uście Gorlickie Izby
43%
Sękowa Owczary
43%
Lipinki Pagorzyna
43%
Uście Gorlickie Skwirtne
43%
Łużna Szalowa
43%
Sękowa Bodaki
41%
Biecz Głęboka
41%
Gorlice(wiejska) Kwiatonowice
41%
Sękowa Radocyna
41%
Uście Gorlickie Ropki
41%
Uście Gorlickie Śnietnica
41%
Gorlice(wiejska) Stróżówka
41%
Sękowa Krzywa
39%
Uście Gorlickie Stawisza
39%
Łużna Biesna
37%
Łużna Bieśnik
37%
Bobowa Jankowa
37%
Lipinki Rozdziele
37%
Łużna Wola Łużańska
37%
Biecz Grudna Kępska
35%
Sękowa Wołowiec
35%
Uście Gorlickie Blechnarka
33%
Sękowa Nieznajowa
33%
Bobowa Stróżna
33%
Bobowa Brzana
31%
Uście Gorlickie Kunkowa
31%
Bobowa Sędziszowa
31%
Bobowa Wilczyska
31%
Nie znaleziono quizów pasujących do podanych kryteriów
Rozkład punktacji
Procent ludzi z każdym wynikiem
Percentyl według liczby udzielonych odpowiedzi
Twoja historia wyników
Nie rozwiązałeś tego quizu